| 000 | 00000nas 2200000za 4500 |
| 001 | 9.501368 |
| 003 | CaOODSP |
| 005 | 20230404114041 |
| 007 | cr ||||||||||| |
| 008 | 150406d20052010xxc|| p o||||f| |0fre|d |
| 040 | |aCaOODSP|bfre |
| 043 | |an-cn--- |
| 086 | 1 |aP26-2F-PDF |
| 110 | 1 |aCanada. |bTravaux publics et services gouvernementaux Canada, |eauteur, |eorganisme de publication. |
| 245 | 10|aClauses et conditions uniformisées d'achat (CCUA) / |h[ressource électronique]|cProduit par le Secteur de la gestion du programme des approvisionnements. |
| 246 | 1 |iAutre titre cité pour la publication : |aGuide des CCUA |
| 260 | |aOttawa - Ontario : |bTravaux publics et Services gouvernementaux Canada |
| 310 | |aSemestriel |
| 362 | 1 |aParaît depuis Version 2005-1, le 10 juin 2005; ne paraît plus après Version 10-1, 11 janvier 2010. |
| 500 | |a«Le Guide des CCUA a pour but de renseigner les fournisseurs et les clients de TPSGC sur les conditions couramment utilisées par l'administration fédérale et TPSGC dans le processus de passation des marchés. Son contenu est cité dans les invitations à soumissionner et les activités de passation des marchés.»--Site Web de Guide des CCUA (TPSGC). |
| 691 | 07|aAchat|2gcpds |
| 691 | 07|aGouvernement fédéral|2gcpds |
| 691 | 07|aManuel|2gcpds |
| 775 | 08|tStandard acquisition clauses and conditions (SACC) / |w(CaOODSP)9.504970 |